| 000 | 00465nam a2200205Ia 4500 | ||
|---|---|---|---|
| 003 | OSt | ||
| 005 | 20260216132703.0 | ||
| 008 | 210210b2009 xxu||||| |||| 00| 0 eng d | ||
| 020 | _a9780552161275 | ||
| 040 | _cAL | ||
| 041 | _aeng | ||
| 082 | _a823.914 BROD | ||
| 100 |
_aDan Brown _9255035 |
||
| 245 | _aDa vinci code | ||
| 260 |
_aLondon _bCorgi Books _c2009 |
||
| 300 | _a589 | ||
| 690 |
_aEnglish Fiction _9255036 |
||
| 906 | _a065038 | ||
| 942 |
_2ddc _cBK |
||
| 999 |
_c142786 _d142786 |
||